Torschützenkönige in der Geschichte des FC Sevilla - Statistiken

Allgemein
  • Dieses Quiz wurde 8 mal gespielt
  • Das Durchschnittsergebnis liegt bei 2 aus 10
Antwortstatistiken
Tore Nationalität Spieler % Korrekt
70 Frankreich Wissam Ben Yedder
63%
135 Frankreich / Mali Frédéric Kanouté
50%
66 Marokko Youssef En-Nesyri
50%
103 Brasilien Luís Fabiano
25%
82 Kroatien Davor Suker
13%
85 Spanien Álvaro Negredo
0%
103 Spanien Guillermo Campanal
0%
73 Spanien Juan Araujo
0%
83 Spanien Juan Arza
0%
66 Frankreich Kévin Gameiro
0%
Keine übereinstimmenden Quizze gefunden
Verteilung der Resultate
Anzahl Personen mit jedem Resultat
Perzentil nach korrekt beantworteten Fragen
Ihre Resultats-Entwicklung
Sie haben dieses Quiz noch nicht gespielt